Тепловой расчет пластинчатых шунтов на большие постоянные тока; Приборостроение; № 3

Библиографические подробности
Источник:Приборостроение
№ 3.— 1960.— С. 11-13
Главный автор: Фукс Л. Г.
Язык:русский
Опубликовано: 1960
Предметы:
Формат: Статья
Запись в KOHA:https://koha.lib.tpu.ru/cgi-bin/koha/opac-detail.pl?biblionumber=592283

MARC

LEADER 00000naa0a2200000 4500
001 592283
005 20250108164556.0
035 |a (RuTPU)RU\TPU\tpu\3867 
035 |a TPU00003867 
090 |a 592283 
100 |a 20011210d1960 k||y0rusy50 ca 
101 0 |a rus 
102 |a RU 
200 1 |a Тепловой расчет пластинчатых шунтов на большие постоянные тока  |f Л. Г. Фукс 
461 |t Приборостроение 
463 |t № 3  |v С. 11-13  |d 1960 
610 1 |a энергетика 
610 1 |a труды учёных ТПУ 
610 1 |a теплотехника 
700 1 |a Фукс  |b Л. Г. 
801 0 |a RU  |b 63413507  |c 20011210  |g PSBO 
801 2 |a RU  |b 63413507  |c 20070522  |g PSBO 
942 |c CR